El delito en Costa rica: una propuesta analítica /

Guardat en:
Dades bibliogràfiques
Autor principal: Calderón Umaña, Rodolfo
Format: Text
Matèries:
Etiquetes: Afegir etiqueta
Sense etiquetes, Sigues el primer a etiquetar aquest registre!

MARC

LEADER 00000 a a2200000 04500
001 14212
003
040
100 |a Calderón Umaña, Rodolfo  
245 |a El delito en Costa rica:   |b una propuesta analítica /  |c Rodolfo Calderón Umaña 
650 |a DELINCUENCIA  
650 |a EXCLUSION SOCIAL  
650 |a TEORIA SOCIAL  
650 |a COSTA RICA  
773 |g volumen 3, número 1; páginas 83-121  
999 |c 32359  |d 32359